[Event "Quarantennale op"]
[Site "Cirie"]
[Date "2013.05.01"]
[Round "6"]
[White "Rotundo, Raffaele"]
[Black "Frassati, Giovanni"]
[Result "0-1"]
[WhiteElo "1988"]
[BlackElo "1813"]
[PlyCount "88"]
[EventDate "2013.04.27"]
[EventType "swiss"]
[EventRounds "6"]
[EventCountry "ITA"]
[SourceTitle "EXT 2014"]
[Source "ChessBase"]
[SourceDate "2013.11.20"]
[SourceVersion "1"]
[SourceVersionDate "2013.11.20"]
[SourceQuality "1"]

1. e4 e5 2. Nf3 Nf6 3. Nc3 Nc6 4. d4 exd4 5. Nxd4 d6 6. Bb5 Bd7 7. Bxc6 bxc6 8. Bg5 Be7 9. Qd3 Ng4 10. Bxe7 Qxe7 11. Qg3 Qf6 12. 0-0-0 Qxf2 13. Qd3 Qe3+ 14. Qxe3 Nxe3 15. Rde1 Nc4 16. Nf5 g6 17. Ne3 Ne5 18. h4 h5 19. Rd1 Rb8 20. Rd4 Rb7 21. Nc4 c5 22. Nxe5 cxd4 23. Nxd7 Kxd7 24. Nd5 c6 25. Nf4 Rhb8 26. b3 a5 27. Nd3 a4 28. Rf1 Ke8 29. e5 axb3 30. axb3 Ra8 31. Kd2 dxe5 32. Nxe5 Rc7 33. Kd3 Ra5 34. Nc4 Rd5 35. Re1+ Kf8 36. Nb6 Rf5 37. Re2 c5 38. Nc4 Re7 39. Nd6 Rxe2 40. Kxe2 Re5+ 41. Kd3 Re3+ 42. Kc4 Rc3+ 43. Kb5 Rxc2 44. Nc4 d3 0-1

[Event "Turin-ch op 18th"]
[Site "Torino"]
[Date "2001.02.??"]
[Round "8"]
[White "Digiugno, Franco"]
[Black "Frassati, Giovanni"]
[Result "1-0"]
[WhiteElo "2145"]
[BlackElo "1746"]
[PlyCount "77"]
[EventDate "2001.02.??"]
[EventType "swiss"]
[EventRounds "8"]
[EventCountry "ITA"]
[SourceTitle "EXT 2024"]
[Source "ChessBase"]
[SourceDate "2023.10.10"]
[SourceVersion "1"]
[SourceVersionDate "2023.10.10"]
[SourceQuality "1"]

1. d4 d5 2. Nf3 c6 3. c3 Nf6 4. Bg5 Nbd7 5. Nbd2 Qc7 6. e3 e6 7. Bxf6 Nxf6 8. Ne5 Bd6 9. f4 Qe7 10. Bd3 a6 11. 0-0 0-0 12. Rc1 c5 13. Rf3 Bd7 14. Rh3 cxd4 15. Bxh7+ Kh8 16. exd4 g6 17. Bxg6+ Kg7 18. Bb1 Rh8 19. Rg3+ Kf8 20. Qf3 Ke8 21. Rg7 Qf8 22. Rg3 Rc8 23. Re1 b5 24. f5 Kd8 25. fxe6 fxe6 26. Rg6 Bxe5 27. Rxe5 Ne8 28. Qxf8 Rxf8 29. Nb3 Nd6 30. Nc5 Nc4 31. Re2 b4 32. Bd3 bxc3 33. bxc3 Rb8 34. Rg7 Bc8 35. h4 Rf4 36. h5 Rh4 37. Rf2 Nd6 38. Rf8+ Ne8 39. Bg6 1-0

[Event "Turin-ch op 18th"]
[Site "Torino"]
[Date "2001.02.??"]
[Round "7"]
[White "Frassati, Giovanni"]
[Black "Sorcinelli, Francesco"]
[Result "1/2-1/2"]
[WhiteElo "1746"]
[BlackElo "1701"]
[PlyCount "38"]
[EventDate "2001.02.??"]
[EventType "swiss"]
[EventRounds "8"]
[EventCountry "ITA"]
[SourceTitle "EXT 2024"]
[Source "ChessBase"]
[SourceDate "2023.10.10"]
[SourceVersion "1"]
[SourceVersionDate "2023.10.10"]
[SourceQuality "1"]

1. e4 e5 2. Nf3 d6 3. d4 exd4 4. Nxd4 Nf6 5. Nc3 g6 6. Bb5+ Bd7 7. Nd5 Bg7 8. 0-0 0-0 9. Nxf6+ Bxf6 10. Bxd7 Qxd7 11. Bh6 Bg7 12. Bxg7 Kxg7 13. c3 Nc6 14. Rc1 Rac8 15. Nf3 Rfd8 16. Re1 d5 17. Qd3 f5 18. Rcd1 f4 19. Qxd5 Ne7 1/2-1/2

[Event "Asti op 17th"]
[Site "Asti"]
[Date "1996.??.??"]
[Round "?"]
[White "Capurro, Giuliano"]
[Black "Frassati, Giovanni"]
[Result "1-0"]
[WhiteElo "1995"]
[BlackElo "1850"]
[PlyCount "63"]
[EventDate "1996.10.??"]
[EventType "swiss"]
[EventRounds "9"]
[EventCountry "ITA"]
[SourceTitle "EXT 1998"]
[Source "ChessBase"]
[SourceDate "1997.11.17"]
[SourceVersion "1"]
[SourceVersionDate "1997.11.17"]
[SourceQuality "1"]

1. e4 e5 2. Nf3 Nc6 3. Bc4 Bc5 4. d3 Nf6 5. 0-0 0-0 6. Bg5 h6 7. Be3 Bb6 8. a3 d6 9. h3 Be6 10. Nbd2 d5 11. exd5 Nxd5 12. Bxb6 axb6 13. Re1 Qf6 14. Ne4 Qe7 15. Ng3 Qd6 16. Nh4 Qd7 17. Bxd5 Qxd5 18. Qh5 Qd7 19. Rad1 Ra5 20. Ngf5 Bxf5 21. Nxf5 Nd4 22. Nxd4 exd4 23. Qh4 Rg5 24. Re4 c5 25. Rde1 f5 26. Re7 Qd5 27. f3 Rf6 28. Qf4 Rfg6 29. Re8+ Kh7 30. R1e2 Rg3 31. Qb8 Rf6 32. Qxg3 1-0

[Event "Asti op 17th"]
[Site "Asti"]
[Date "1996.??.??"]
[Round "?"]
[White "Frassati, Giovanni"]
[Black "Malano, Francesco"]
[Result "0-1"]
[WhiteElo "1850"]
[BlackElo "2080"]
[PlyCount "120"]
[EventDate "1996.10.??"]
[EventType "swiss"]
[EventRounds "9"]
[EventCountry "ITA"]
[SourceTitle "EXT 1998"]
[Source "ChessBase"]
[SourceDate "1997.11.17"]
[SourceVersion "1"]
[SourceVersionDate "1997.11.17"]
[SourceQuality "1"]

1. e4 c5 2. Nf3 Nc6 3. d4 cxd4 4. Nxd4 g6 5. Nxc6 bxc6 6. Qd4 Nf6 7. e5 Nd5 8. e6 f6 9. Bd2 dxe6 10. c4 Qb6 11. c5 Qc7 12. Na3 Bg7 13. Nc4 0-0 14. Bd3 Rd8 15. Ba5 Nb6 16. Qe4 f5 17. Qe2 Bd4 18. cxb6 axb6 19. Bc3 c5 20. Bxd4 Rxd4 21. Ne5 Ba6 22. f3 Rd5 23. Nxg6 Rxd3 24. Qxe6+ Kg7 25. Nxe7 Re8 26. 0-0 Rxe7 27. Qxf5 Rde3 28. Qg5+ Kf8 29. Qf6+ Ke8 30. Rfd1 Bd3 31. Qh8+ Kd7 32. Qg8 Kc6 33. a4 Re8 34. Qg5 Qe5 35. Qxe5 R8xe5 36. Rd2 c4 37. Rad1 Re1+ 38. Rxe1 Rxe1+ 39. Kf2 Ra1 40. b3 Kc5 41. Ke3 Bg6 42. a5 Rxa5 43. bxc4 Ra3+ 44. Kf4 Kxc4 45. Ke5 Re3+ 46. Kf6 Bd3 47. Kg7 b5 48. f4 b4 49. g4 Re2 50. Rd1 Rxh2 51. f5 Rg2 52. Rc1+ Kd4 53. f6 Rxg4+ 54. Kh8 h5 55. Rh1 Bg6 56. Kg7 b3 57. Rd1+ Kc3 58. Rc1+ Bc2+ 59. Kh8 Rf4 60. Ra1 b2 0-1

[Event "Asti op 17th"]
[Site "Asti"]
[Date "1996.??.??"]
[Round "?"]
[White "Frassati, Giovanni"]
[Black "Skembris, Spyridon"]
[Result "0-1"]
[WhiteElo "1850"]
[BlackElo "2420"]
[PlyCount "42"]
[EventDate "1996.10.??"]
[EventType "swiss"]
[EventRounds "9"]
[EventCountry "ITA"]
[SourceTitle "EXT 1998"]
[Source "ChessBase"]
[SourceDate "1997.11.17"]
[SourceVersion "1"]
[SourceVersionDate "1997.11.17"]
[SourceQuality "1"]

1. e4 e5 2. Nf3 Nc6 3. c3 Nf6 4. d4 Nxe4 5. dxe5 d5 6. exd6 Bxd6 7. Bc4 0-0 8. 0-0 Bg4 9. h3 Bh5 10. Be3 Qf6 11. Be2 Bxf3 12. Bxf3 Qe5 13. Re1 Qh2+ 14. Kf1 Rae8 15. Ke2 Nxf2 16. Kxf2 Bg3+ 17. Ke2 Bxe1 18. Qxe1 Rxe3+ 19. Kf2 Rxe1 20. Kxe1 Qg1+ 21. Ke2 Qc1 0-1

[Event "Asti op 17th"]
[Site "Asti"]
[Date "1996.??.??"]
[Round "?"]
[White "Frassati, Giovanni"]
[Black "Trumpf, Walter"]
[Result "1/2-1/2"]
[WhiteElo "1850"]
[BlackElo "2155"]
[PlyCount "61"]
[EventDate "1996.10.??"]
[EventType "swiss"]
[EventRounds "9"]
[EventCountry "ITA"]
[SourceTitle "EXT 1998"]
[Source "ChessBase"]
[SourceDate "1997.11.17"]
[SourceVersion "1"]
[SourceVersionDate "1997.11.17"]
[SourceQuality "1"]

1. e4 c5 2. Nf3 Nc6 3. d4 cxd4 4. Nxd4 e5 5. Nf3 Nf6 6. Nc3 Bb4 7. Bd2 0-0 8. Be2 Bxc3 9. Bxc3 Nxe4 10. Bd2 d5 11. 0-0 Nxd2 12. Nxd2 Nd4 13. c3 Nxe2+ 14. Qxe2 Re8 15. Rfe1 Qb6 16. Nb3 Bf5 17. Rad1 Rad8 18. Kh1 h6 19. Rd2 a5 20. Qh5 Bg6 21. Qh4 a4 22. Qxa4 Ra8 23. Qd7 Red8 24. Qe7 Rxa2 25. Nc5 Rd6 26. Nd7 Rxd7 27. Qxd7 Rxb2 28. Qxd5 Kh7 29. h3 Rb5 30. Qd6 Qxd6 31. Rxd6 1/2-1/2